Loading...
| Religion | 0 | 3 | 0 | 0 | 30 | 73 | 99.00 | 1 | 3 |
| Fine Arts - Other Fine Arts | 0 | 2 | 0 | 0 | 20 | 121 | 121.50 | 0 | 0 |
| Philosophy | 0 | 2 | 1 | 0 | 15 | 109 | 109.00 | 0 | 0 |
| Literature - American Literature | 0 | 1 | 0 | 0 | 10 | 135 | 135.00 | 0 | 0 |
| Other Academic | 0 | 1 | 0 | 0 | 10 | 63 | 63.00 | 0 | 1 |
| Social Science | 0 | 1 | 0 | 0 | 10 | 89 | 89.00 | 0 | 0 |
| History - American History | 0 | 1 | 0 | 0 | 10 | 105 | 105.00 | 0 | 0 |
| History - Other History | 0 | 1 | 0 | 1 | 10 | 114 | 114.00 | 0 | 0 |
| Science - Physics | 0 | 1 | 0 | 0 | 10 | 66 | 66.00 | 0 | 0 |
| History - World History | 0 | 1 | 1 | 0 | 5 | 122 | 122.00 | 0 | 0 |
| Literature - World/Other Literature | 0 | 1 | 1 | 1 | 5 | 142 | 142.00 | 0 | 0 |